[Event "Badalona op-B 42nd"]
[Site "Badalona"]
[Date "2016.08.08"]
[Round "7"]
[White "Castejon Ch De Guzman, Diego"]
[Black "Andreu Termes, Frederic"]
[Result "1/2-1/2"]
[WhiteElo "1946"]
[BlackElo "1851"]
[PlyCount "66"]
[EventDate "2016.08.02"]
[EventType "swiss"]
[EventRounds "9"]
[EventCountry "ESP"]
[SourceTitle "CBM 174 Extra"]
[Source "ChessBase"]
[SourceDate "2016.10.10"]
[SourceVersion "1"]
[SourceVersionDate "2016.10.10"]
[SourceQuality "1"]

1. d4 Nf6 2. Nf3 g6 3. c4 Bg7 4. Nc3 d6 5. e4 0-0 6. Be2 c6 7. 0-0 a5 8. h3 Na6 9. Be3 Bd7 10. a4 Nb4 11. Qd2 Ne8 12. Bh6 Qc7 13. Bxg7 Kxg7 14. Rfe1 Nf6 15. Rac1 e5 16. dxe5 dxe5 17. Red1 Be6 18. Qd6 Qxd6 19. Rxd6 Ne8 20. Rd2 f6 21. Rcd1 Nc7 22. Rd6 Kf7 23. Rd7+ Bxd7 24. Rxd7+ Ke6 25. Rxc7 Rf7 26. Rxf7 Kxf7 27. c5 Rd8 28. Bc4+ Ke7 29. Kf1 Nc2 30. Ke2 h6 31. b3 g5 32. Bd3 Nb4 33. Bc4 Nc2 1/2-1/2

[Event "Catalunya-ch Seniors"]
[Site "Vila Seca"]
[Date "2016.05.21"]
[Round "1"]
[White "Andreu Termes, Frederic"]
[Black "Dominguez Rueda, Juan"]
[Result "0-1"]
[WhiteElo "1864"]
[BlackElo "2051"]
[PlyCount "48"]
[EventDate "2016.05.21"]
[EventType "swiss"]
[EventRounds "9"]
[EventCountry "ESP"]
[SourceTitle "CBM 172 Extra"]
[Source "ChessBase"]
[SourceDate "2016.06.21"]
[SourceVersion "1"]
[SourceVersionDate "2016.06.21"]
[SourceQuality "1"]

1. c4 e5 2. g3 d6 3. Bg2 f5 4. e3 Nf6 5. Nc3 Be7 6. Nge2 0-0 7. d3 Qe8 8. Nd5 Bd8 9. b3 Nbd7 10. Ba3 c6 11. Nxf6+ Rxf6 12. Nc3 Bc7 13. 0-0 Rh6 14. b4 Nf6 15. b5 Bd7 16. bxc6 Bxc6 17. Nd5 Nxd5 18. cxd5 Bb5 19. Qc2 Bb6 20. Rfc1 Qh5 21. h3 f4 22. exf4 exf4 23. g4 Qh4 24. Rd1 f3 0-1

[Event "Barcelona Sant Marti op-B 16th"]
[Site "Barcelona"]
[Date "2014.07.18"]
[Round "6"]
[White "Sobrevia Castellar, Lluis"]
[Black "Andreu Termes, Frederic"]
[Result "1-0"]
[WhiteElo "1975"]
[BlackElo "2076"]
[PlyCount "67"]
[EventDate "2014.07.13"]
[EventType "swiss"]
[EventRounds "9"]
[EventCountry "ESP"]
[SourceTitle "CBM 161 Extra"]
[Source "ChessBase"]
[SourceDate "2014.08.29"]
[SourceVersion "1"]
[SourceVersionDate "2014.08.29"]
[SourceQuality "1"]

1. c4 b6 2. Nf3 Bb7 3. e3 c5 4. Be2 Nf6 5. 0-0 g6 6. Nc3 Bg7 7. d4 cxd4 8. Nxd4 0-0 9. Bf3 Bxf3 10. Qxf3 Na6 11. Bd2 Nc5 12. Rfd1 e5 13. Nc2 e4 14. Qe2 Qe7 15. Rab1 Rfd8 16. Nb4 d6 17. Nc6 Qb7 18. Nxd8 Rxd8 19. b4 Ne6 20. Be1 Qc8 21. Nd5 Nxd5 22. cxd5 Nf8 23. Rbc1 Qf5 24. Bc3 Bh6 25. h3 g5 26. Qg4 Qg6 27. Bb2 f5 28. Qe2 g4 29. g3 gxh3 30. Kh2 f4 31. exf4 Bxf4 32. Rc4 Nd7 33. Qxe4 Qg4 34. Qe6+ 1-0

[Event "Barcelona Ateneu Colon op 7th"]
[Site "Barcelona"]
[Date "2012.04.17"]
[Round "2"]
[White "Andreu Termes, Frederic"]
[Black "Munoz Pantoja, Miguel Angel"]
[Result "0-1"]
[WhiteElo "1965"]
[BlackElo "2494"]
[PlyCount "64"]
[EventDate "2012.04.10"]
[EventType "swiss"]
[EventRounds "9"]
[EventCountry "ESP"]
[SourceTitle "CBM 148 Extra"]
[Source "ChessBase"]
[SourceDate "2012.06.22"]
[SourceVersion "1"]
[SourceVersionDate "2012.06.22"]
[SourceQuality "1"]

1. c4 g6 2. g3 Bg7 3. Bg2 c5 4. Nc3 Nc6 5. a3 e6 6. e4 Nge7 7. Nge2 d6 8. 0-0 a6 9. Rb1 Rb8 10. b4 cxb4 11. axb4 b5 12. cxb5 axb5 13. d4 0-0 14. Be3 d5 15. exd5 exd5 16. Nf4 Be6 17. Nxe6 fxe6 18. Ne2 Nf5 19. Qd2 Qb6 20. Rbd1 Ra8 21. Bh3 Ra4 22. Bxf5 Rxf5 23. Rb1 Bf8 24. Rfc1 Qb7 25. Nf4 e5 26. dxe5 Nxe5 27. Qc3 Nf3+ 28. Kf1 Nxh2+ 29. Ke2 Ra2+ 30. Kd1 Ng4 31. Qc8 Qxc8 32. Rxc8 g5 0-1